000 01676nam a22004217a 4500
003 CHAP
005 20220329143356.0
008 090127s2008 mx r 00010 spa d
010 _a95708
011 _a96680
035 _a107336
040 _cCHAP
090 _aTesis
100 1 _aPérez Olarte, Jesús.
_989895
245 1 0 _aEstudio de factibilidad técnico económico para el establecimiento de una planta industrializadora de vainilla (Vainilla planifolia Andrews) en Tecolutla, Veracruz
_c/por Jesus Pérez Olarte
260 _aChapingo, Méx. :
_bEl autor,
_c2008
300 _aii, 86 h. :
_bgráfs., cuadros
502 _aTesis (Ing. Agroindustrial) -- UACH. Departamento de Ingeniería Agroindustrial
530 _aTambién disponible en línea
590 _aALEPH
_b10
_c20130110
_lUCH01
_h1526
590 _aBATCH-UPD
_b10
_c20130110
_lUCH01
_h0406
590 _aBATCH-UPD
_b10
_c20130110
_lUCH01
_h2058
590 _aBATCH-UPD
_b10
_c20130410
_lUCH01
_h0039
590 _aBATCH-UPD
_b10
_c20130914
_lUCH01
_h1637
590 _aBATCH-UPD
_b10
_c20140324
_lUCH01
_h1508
590 _aBATCH-UPD
_b10
_c20141002
_lUCH01
_h0838
590 _aCONVERSION
_b10
_c20130109
_lUCH01
_h1353
650 1 4 _aIndustrias agrícolas.
_957925
650 1 4 _aProyectos industriales.
_992531
650 1 4 _aVainilla.
_9117192
650 1 4 _aVainilla
_xIndustria.
_9117204
650 1 4 _aVainilla
_zVeracruz.
_9117211
856 _3Finding aid
_uhttp://10.13.5.2/tesis/107336.pdf
_zTeclea aqui
901 _aBK
942 _cFOLL
949 _aTesis
_bBC
_cTES
_d33724002083280
_eTS1
_gDonaciØn
_h48224
_i107336
_sb
949 _aTesis
_bBC
_cTES
_d33724002083322
_eTS2
_fc.2
_gDonaciØn
_h48225
_i107336
_sb
999 _c95708
_d95708